书目信息 |
| 题名: |
园林景观设计详图CAD图集
|
|
| 作者: | 黄椿雁 主编 ;筑龙网 组编 | |
| 分册: | 园林建筑、特色水景专辑 | |
| 出版信息: | 北京 中国电力出版社 2009.02 |
|
| 页数: | 247页 | |
| 开本: | 30cm | |
| 丛书名: | 筑龙网图库系列 | |
| 单 册: | ||
| 中图分类: | TU986.2-39 , TU986.4-39 | |
| 科图分类: | ||
| 主题词: | 园林设计--yuan lin she ji--计算机辅助设计--图集 , 园林建筑--yuan lin jian zhu--园林设计--计算机辅助设计--图集 | |
| 电子资源: | ||
| ISBN: | 978-7-5083-7901-2 | |
| 000 | 01293nam 2200325 450 | |
| 001 | 012009457699 | |
| 005 | 20090803100934.18 | |
| 010 | @a978-7-5083-7901-2@b精装@dCNY98.00 (含光盘) | |
| 010 | @a978-7-89470-048-3@b光盘 | |
| 100 | @a20090803d2009 em y0chiy0120 ea | |
| 101 | 0 | @achi |
| 102 | @aCN@b110000 | |
| 105 | @aa z 000yy | |
| 106 | @ar | |
| 200 | 1 | @a园林景观设计详图CAD图集@Ayuan lin jing guan she ji xiang tu CAD tu ji@i园林建筑、特色水景专辑@f筑龙网组编@Fzhu long wang zu bian |
| 210 | @a北京@c中国电力出版社@d2009.02 | |
| 215 | @a247页@c图@d30cm@e光盘1片 | |
| 225 | 2 | @a筑龙网图库系列@Azhu long wang tu ku xi lie |
| 314 | @a书中题 : 黄椿雁主编 | |
| 330 | @a本书共分两章,第一章为园林建筑篇,包括景区大门、公共卫生间和其他园林建筑;第二章为特色水景篇,包括瀑布喷泉、水幕景墙和溪流驳岸。 | |
| 410 | 0 | @12001 @a筑龙网图库系列 |
| 517 | 1 | @a园林建筑、特色水景专辑@Ayuan lin jian zhu、te se shui jing zhuan ji |
| 606 | 0 | @a园林设计@Ayuan lin she ji@x计算机辅助设计@j图集 |
| 606 | 0 | @a园林建筑@Ayuan lin jian zhu@x园林设计@x计算机辅助设计@j图集 |
| 690 | @aTU986.2-39@v4 | |
| 690 | @aTU986.4-39@v4 | |
| 701 | 0 | @a黄椿雁@Ahuang chun yan@4主编 |
| 712 | 02 | @a筑龙网@Azhu long wang@4组编 |
| 801 | 0 | @aCN@bQSSK@c20090803 |
| 905 | @b750026-27@dTU986.2-39@eH818@f2 | |
| 园林景观设计详图CAD图集.园林建筑、特色水景专辑/筑龙网组编.-北京:中国电力出版社,2009.02 |
| 247页:图;30cm+光盘1片.-(筑龙网图库系列) |
| ISBN 978-7-5083-7901-2(精装):CNY98.00 (含光盘) |
| 本书共分两章,第一章为园林建筑篇,包括景区大门、公共卫生间和其他园林建筑;第二章为特色水景篇,包括瀑布喷泉、水幕景墙和溪流驳岸。 |
| ● |
| 相关链接 |
|
|
|
正题名:园林景观设计详图CAD图集
索取号:TU986.2-39/H818
 
预约/预借
| 序号 | 登录号 | 条形码 | 馆藏地/架位号 | 状态 | 备注 |
| 1 | 750026 | 207500266 | 建筑库201/201建筑库 112排1列4层/ [索取号:TU986.2-39/H818] | 在馆 | |
| 2 | 750027 | 207500275 | 建筑库201/201建筑库 112排1列4层/ [索取号:TU986.2-39/H818] | 在馆 |